Catálogo público

Producción de granos y forrajes (Record no. 11078)

MARC details
000 -CABECERA
campo de control de longitud fija 01294cam a22003737a 4500
003 - IDENTIFICADOR DEL NÚMERO DE CONTROL
campo de control CHAP
005 - FECHA Y HORA DE LA ÚLTIMA TRANSACCIÓN
campo de control 20220817041320.0
008 - DATOS DE LONGITUD FIJA--INFORMACIÓN GENERAL
campo de control de longitud fija 971013s1983 r 00010 d
010 ## - NÚMERO DE CONTROL DE LA BIBLIOTECA DEL CONGRESO
Número de control de LC 11078
011 ## - ENLACE DEL NUMERO DE CONTROL DE LA BIBLIOTECA DEL CONGRESO [OBSOLETO]
Número de control de LC 12050
035 ## - NÚMERO DE CONTROL DEL SISTEMA
Número de control de sistema 13921
040 ## - FUENTE DE LA CATALOGACIÓN
Centro/agencia transcriptor CHAP
082 ## - NÚMERO DE LA CLASIFICACIÓN DECIMAL DEWEY
Número de clasificación 633.1
Número de documento/Ítem R6 1983
100 00 - ENTRADA PRINCIPAL--NOMBRE DE PERSONA
Nombre de persona Robles Sánchez, Raúl.
9 (RLIN) 98118
245 #0 - MENCIÓN DE TÍTULO
Título Producción de granos y forrajes
250 ## - MENCIÓN DE EDICIÓN
Mención de edición 4 ed.
260 ## - PUBLICACIÓN, DISTRIBUCIÓN, ETC.
Lugar de publicación, distribución, etc. México :
Nombre del editor, distribuidor, etc. Limusa,
Fecha de publicación, distribución, etc. 1983
300 ## - DESCRIPCIÓN FÍSICA
Extensión 608 p.
590 ## - NOTA LOCAL (RLIN)
Nota local BATCH-UPD
Procedencia (VM) [OBSOLETO] 10
Condición del los carretes individuales (VM) [OBSOLETO] 20130110
-- UCH01
-- 0145
590 ## - NOTA LOCAL (RLIN)
Nota local BATCH-UPD
Procedencia (VM) [OBSOLETO] 10
Condición del los carretes individuales (VM) [OBSOLETO] 20130110
-- UCH01
-- 1815
590 ## - NOTA LOCAL (RLIN)
Nota local BATCH-UPD
Procedencia (VM) [OBSOLETO] 10
Condición del los carretes individuales (VM) [OBSOLETO] 20130409
-- UCH01
-- 2144
590 ## - NOTA LOCAL (RLIN)
Nota local BATCH-UPD
Procedencia (VM) [OBSOLETO] 10
Condición del los carretes individuales (VM) [OBSOLETO] 20130914
-- UCH01
-- 0912
590 ## - NOTA LOCAL (RLIN)
Nota local CONVERSION
Procedencia (VM) [OBSOLETO] 10
Condición del los carretes individuales (VM) [OBSOLETO] 20130109
-- UCH01
-- 1307
650 14 - PUNTO DE ACCESO ADICIONAL DE MATERIA--TÉRMINO DE MATERIA
Término de materia o nombre geográfico como elemento de entrada Cereales.
9 (RLIN) 21370
650 14 - PUNTO DE ACCESO ADICIONAL DE MATERIA--TÉRMINO DE MATERIA
Término de materia o nombre geográfico como elemento de entrada Forrajes.
901 ## - ELEMENTOS DE DATOS A LOCAL LDA (RLIN)
a BK
942 ## - ELEMENTOS DE PUNTO DE ACCESO ADICIONAL (KOHA)
Tipo de ítem Koha Libro
949 ## - PROCESAMIENTO DE INFORMACIÓN LOCAL (OCLC)
a 633.1 R6 1983
b BC
c LIBRO
d -88252
e LIBRO
f c.2
h 2534
i 13921
s i
949 ## - PROCESAMIENTO DE INFORMACIÓN LOCAL (OCLC)
a 633.1 R6 1983
b BC
c LIBRO
d -88253
e LIBRO
f c.3
h 2535
i 13921
s i
949 ## - PROCESAMIENTO DE INFORMACIÓN LOCAL (OCLC)
a 633.1 R6 1983
b BC
c LIBRO
d 33724000872933
e LIBRO
g DonaciØn
h 103730rep.
i 13921
s i
949 ## - PROCESAMIENTO DE INFORMACIÓN LOCAL (OCLC)
a 633.1 R6 1983
b F
c LIBRO
d -26037
e LIBRO
h 2533
i 13921
s i
949 ## - PROCESAMIENTO DE INFORMACIÓN LOCAL (OCLC)
a 633.1 R6 1983
b F
c LIBRO
d -88277
e LIBRO
f c.2
h 2534
i 13921
s i
949 ## - PROCESAMIENTO DE INFORMACIÓN LOCAL (OCLC)
a 633.1 R6 1983
b F
c LIBRO
d -88279
e LIBRO
f c.3
h 2535
i 13921
s i
Holdings
Estado de retiro Estado de pérdida Fuente del sistema de clasificación o colocación Estado dañado Restricciones de uso No para préstamo Código de colección Localización permanente Ubicación/localización actual Ubicación en estantería Fecha de adquisición Fuente de adquisición Información codificada de la localización en otra ubicación Total de préstamos Signatura topográfica completa Código de barras Fecha visto por última vez Número de copia Precio válido a partir de Tipo de ítem Koha Renovaciones totales Fecha del último préstamo
    Dewey Decimal Classification   Préstamo 15 días   General Biblioteca Central Biblioteca Central Planta principal - Colección General 31/12/2019 Donacion LIBRO   633.1 R6 1983 -88252 31/12/2019 c.2 31/12/2019 Libro    
    Dewey Decimal Classification   Préstamo 15 días   General Biblioteca Central Biblioteca Central Planta principal - Colección General 31/12/2019   LIBRO   633.1 R6 1983 -88253 31/12/2019 c.3 31/12/2019 Libro    
    Dewey Decimal Classification   Préstamo 15 días   General Biblioteca Central Biblioteca Central Planta principal - Colección General 31/12/2019   LIBRO 2 633.1 R6 1983 33724000872933 22/02/2024   31/12/2019 Libro 2 29/01/2024